Logo BPK

Biblioteka

Politechniki Koszalińskiej

Automatyzacja sterowania ruchem kolejowym / (Rekord nr 21689)

Szczegóły MARC
000 -ETYKIETA REKORDU
podpole kontrolne o stałej długości 00494nam a2200169 i 4500
001 - NUMER KONTROLNY REKORDU
pole kontrolne bg
040 ## - ŹRÓDŁO KATALOGOWANIA
Instytucja, która utworzyła rekord BPK
041 ## - KOD JĘZYKA
Kod języka tekstu pol
080 ## - UNIWERSALNA KLASYFIKACJA DZIESIĘTNA - UKD
UKD 656.2(075.8)
008 - POLE O STAŁEJ DŁUGOŚCI - DANE KONTROLNE
podpole kontrolne o stałej długości s pl f |000 0 pol
100 1# - NAZWA OSOBOWA
Nazwa osobowa DĄBROWA-BAJON, Mirosława
245 #0 - TYTUŁ/ODPOWIEDZIALNOŚĆ
Tytuł Automatyzacja sterowania ruchem kolejowym /
Pozostałe elementy strefy tytułu i oznaczenia odpowiedzialności M. Dąbrowa-Bajon, S. Apuniewicz, J. Sobolewski. T.1: Elementy i układy.
260 ## - STREFA ADRESU WYDAWNICZEGO
Miejsce wydania Warszawa,
Data publikacji, dystrybucji/powstania dokumentu 1983.
700 1# - HASŁO DODATKOWE - NAZWA OSOBOWA
Nazwa osobowa APUNIEWICZ, Sławomir
700 1# - HASŁO DODATKOWE - NAZWA OSOBOWA
Nazwa osobowa SOBOLEWSKI, Jerzy
856 ## - LOKALIZACJA I DOSTĘP DO ELEKTRONICZNYCH DOKUMENTÓW ZDALNYCH
Link (URL) http://koha.tu.koszalin.pl/cgi-bin/koha/opac-detail.pl?biblionumber=21689
Tekst linku Katalog online BPK
942 ## - DODATKOWE ELEMENTY (KOHA)
Typ dokumentu Książka
Egzemplarze
Wycofany Status egzemplarza Uszkodzony Dostępność Lokalizacja stała Lokalizacja bieżąca Miejsce przechowywania Sygnatura Kod kreskowy Ostatnio wypożyczono Typ dokumentu
      Dostępny Biblioteka Politechniki Koszalińskiej Biblioteka Politechniki Koszalińskiej Wypożyczalnia BG 30502 01566420 07.01.2020 Książka
© 2023 Biblioteka Politechniki Koszalińskiej :: KOHA